00477nam a2200193 a 4500001001300000003000900013005001700022008004100039020000800080082001600088100002400104245002000128260003500148300000900183500003500192505001200227650002000239700002400259nice12345678IN_TiNIC20260116011356.0050524s1962 newa grp 000 0 urd  ac100a297.8bMAU1 aMaudoodi, Abul Aala aDaawat-E-Islami aNew DelhibMaktaba Jamiac1962 a101p aincludes index and biblioraphy2 aIndexes aJamaat-E-Islami1 aMaudoodi, Abul Aala